Score 0/29 Timer 04:00
0 Plays Today
Hint 4-Letter Word % Correct
Bass or trout, e.g.FISH
99%
Opposite of giveTAKE
93.4%
Boxer TysonMIKE
93.1%
CreateMAKE
92.9%
Jab with a fingerPOKE
92.8%
VomitPUKE
92.5%
Nat King ______COLE
91.8%
Similar toLIKE
90.9%
'Cool Hand _____'LUKE
90.1%
One from WarsawPOLE
89.5%
Brown carbonated beverageCOLA
89.4%
World conquest boardgameRISK
88.1%
Wine valley in CaliforniaNAPA
87.2%
Back of the neckNAPE
86.4%
Baseballer CarltonFISK
86.1%
Hint 4-Letter Word % Correct
Simba's mateNALA
83.6%
The Big Easy, for shortNOLA
80.4%
MonikerNAME
77.7%
Job for a lawyerCASE
76.7%
Artist's inspirationMUSE
76%
Physical currencyCASH
75.7%
'Don't ______ me, BRO!'TASE
75.6%
Hope or desireWISH
75.4%
To cleanWASH
74.9%
Sparky detonatorFUSE
73.2%
Glandular odorMUSK
72.4%
ReputationFAME
71.8%
1960s US Sec'y of State DeanRUSK
71%
Noxious vaporFUME
70.8%

Today's Daily Dose

Missing Word
Train Books

Word Ladder
Piano Man

Quick Pick
Google Products

Get the Picture
Moana or Coco

Remove Ads.
Support Sporcle.
Get the best of Sporcle when you Go Orange. This ad-free experience offers more features, more stats, and more fun while also helping to support Sporcle. Thank you for becoming a member.

You're not logged in!

Compare scores with friends on all Sporcle quizzes.
OR
Log In

Show Comments

Extras

Top Quizzes Today


Score Distribution

Your Account Isn't Verified!

In order to create a playlist on Sporcle, you need to verify the email address you used during registration. Go to your Sporcle Settings to finish the process.

Report this User

Report this user for behavior that violates our Community Guidelines.

Details: